2020 MLB Postseason Teams - Statistics

General Stats
  • This quiz has been taken 399 times
  • The average score is 14 of 16
Answer Stats
Seed Team % Correct
1 Los Angeles Dodgers
100%
2 Oakland Athletics
98%
1 Tampa Bay Rays
97%
6 Houston Astros
96%
5 New York Yankees
95%
2 Atlanta Braves
94%
7 Cincinnati Reds
91%
7 Chicago White Sox
90%
4 San Diego Padres
89%
3 Chicago Cubs
88%
6 Miami Marlins
88%
4 Cleveland Indians
86%
5 St. Louis Cardinals
86%
8 Milwaukee Brewers
84%
3 Minnesota Twins
81%
8 Toronto Blue Jays
81%
No matching quizzes found
Score Distribution
Percent of People with Each Score
Percentile by Number Answered
Your Score History
You have not taken this quiz